书目信息 |
| 题名: |
孝庄皇太后
|
|
| 作者: | 颜廷瑞 著 | |
| 分册: | 二 风云山海关 | |
| 出版信息: | 沈阳 辽宁人民出版社 2010.01 |
|
| 页数: | 289页 | |
| 开本: | 24cm | |
| 丛书名: | ||
| 单 册: | ||
| 中图分类: | I247.5 | |
| 科图分类: | ||
| 主题词: | 历史小说--li shi xiao shuo--中国--当代 , 长篇小说--chang pian xiao shuo--中国--当代 | |
| 电子资源: | ||
| ISBN: | 978-7-205-06734-2 | |
| 000 | 01008nam0 2200265 450 | |
| 001 | 012010360822 | |
| 005 | 20100413145109.14 | |
| 010 | @a978-7-205-06734-2@dCNY29.80 | |
| 100 | @a20100413d2010 em y0chiy0120 ea | |
| 101 | 0 | @achi |
| 102 | @aCN@b210000 | |
| 105 | @ay z 000ay | |
| 106 | @ar | |
| 200 | 1 | @a孝庄皇太后@Axiao zhuang huang tai hou@h二@i风云山海关@f颜廷瑞著@Fyan ting rui zhu |
| 205 | @a第2版 | |
| 210 | @a沈阳@c辽宁人民出版社@d2010.01 | |
| 215 | @a289页@d24cm | |
| 330 | @a这是一部以孝庄皇太后一生为题材创作的三卷本长篇历史小说。本书是第二卷《风云山海关》:从清朝发动“宁远战役”,到百万满洲迁移北京,展示了清王朝与明王朝、与李自成的大顺王朝之间的激烈而又错综复杂的军事的、政治的斗争。 | |
| 517 | 1 | @a风云山海关@Afeng yun shan hai guan |
| 606 | 0 | @a历史小说@Ali shi xiao shuo@y中国@z当代 |
| 606 | 0 | @a长篇小说@Achang pian xiao shuo@y中国@z当代 |
| 690 | @aI247.5@v4 | |
| 701 | 0 | @a颜廷瑞@Ayan ting rui@4著 |
| 801 | 0 | @aCN@bQSSK@c20100413 |
| 905 | @b778065-67@dI247.5@eY107:2@f3 | |
| 孝庄皇太后.二.风云山海关/颜廷瑞著.-第2版.-沈阳:辽宁人民出版社,2010.01 |
| 289页;24cm |
| ISBN 978-7-205-06734-2:CNY29.80 |
| 这是一部以孝庄皇太后一生为题材创作的三卷本长篇历史小说。本书是第二卷《风云山海关》:从清朝发动“宁远战役”,到百万满洲迁移北京,展示了清王朝与明王朝、与李自成的大顺王朝之间的激烈而又错综复杂的军事的、政治的斗争。 |
| ● |
| 相关链接 |
|
|
|
正题名:孝庄皇太后
索取号:I247.5/Y107:2
 
预约/预借
| 序号 | 登录号 | 条形码 | 馆藏地/架位号 | 状态 | 备注 |
| 1 | 778065 | 207780659 | 文学库108/108文学库 39排6列5层/ [索取号:I247.5/Y107:2] | 在馆 | |
| 2 | 778066 | 207780668 | 社科二线400B/400B社科库 18排1列6层/ [索取号:I247.5/Y107:2] | 在馆 | |
| 3 | 778067 | 207780677 | 社科二线400B/400B社科库 18排1列6层/ [索取号:I247.5/Y107:2] | 在馆 |